000 00826nam a2200265 i 4500
001 11022
003 ES-MaACL
005 20250511130021.0
007 t|
008 930506s1993 sp |||| | spa
020 _a84-7658-379-6
080 _a821.134.2 Rojas, Fernando de 7 Celestina. 07
100 1 _aMárquez Villanueva, Francisco.
_977039
245 1 0 _aOrígenes y sociología del tema celestinesco /
_cFrancisco Márquez Villanueva.
250 _a1ª ed.
260 _aBarcelona :
_bAnthropos,
_c1993.
300 _a232 p. ;
_c20 cm.
490 1 _aHispanistas ;
_v2
500 _aÍndice.
504 _aBibliografía: p. 193-220.
600 1 4 _aRojas, Fernando de,
_dca. 1470-1541.
_tLa Celestina
_999043
830 1 _aHispanistas ;
_v2
_9184142
852 _aES-MaACL
_jL-18325
999 _c11022
_d11022